000 00963cam a22001934a 4500
005 20250605164359.0
008 250528s ||||||||||||||||||||||||d
035 _a24520
040 _aGR-AtMCL
_bgre
_dGR-AtMCL
_eAACR2
245 1 _aΗ Fix Απελευθερώσει τη WEISS
260 _c2014
300 _a34
520 _aΤο Ποιοτικό Περιβάλλον Συνεπάγεται και Διαφορετικά Κόστη, Το 'Μ' του Commerce Είναι Εδώ, Η Φιλανθρωπία ως Επιτυχημένο Business Story, Η Επόμενη Μέρα στον Παγκόσμιο Χάρτη της Επικοινωνίας, Οπτική Ταυτότητα της Bonjour Design για το ΟΠΑ, Πρώτο το Κεντρικό Δελτίο Ειδήσεων του ΑΝΤ1.
700 1 _aΚορδελάς Δημήτρης
_99464
942 _cCR
710 2 _aThe Marketing Week
_99825
999 _c9397
_d9397